000 00427nam a2200181Ia 4500
999 _c98683
_d98683
003 0100
005 20170404113831.0
008 130307s9999 xx 000 0 und d
040 _cARRUPELIB
050 _aBX4700.S65C73 1964
100 _aChristiani, Leon
_929628
245 _aSaint Bernadette
260 _aIsland
260 _bA Division of St. Paul Publications
260 _c1964
300 _a181p.
300 _b19cm.
600 _aBernadette Soubirous, St.
_929610
942 _2lcc
_cMONOGRAPH